Chelsea Best XI - Statistics

General Stats
  • This quiz has been taken 1,747 times
    1,702 since last reset
  • The average score is 7 of 18
Answer Stats
Hint Answer % Correct
SUB Cech
95%
ST Drogba
91%
CM Lampard
90%
CB Terry
88%
SUB Cole
82%
SUB Zola
52%
SUB Essien
41%
CM Makelele
37%
SUB Robben
27%
CM Desailly
25%
ST Hasselbaink
25%
GK Cudicini
24%
SUB Gallas
16%
LB Le Saux
8%
ST Greaves
5%
CB LeBoeuf
4%
RB Melchiot
4%
SUB Andre Flo
2%
No matching quizzes found
Score Distribution
Percent of People with Each Score
Percentile by Number Answered
Your Score History
You have not taken this quiz since the last reset